Znalostný manažment v podmienkach modernej slovenskej spoločnosti : Habilitačná práca
Salvato in:
| Autore principale: | |
|---|---|
| Natura: | Libro |
| Lingua: | slovacco |
| Pubblicazione: |
Trnava :
STU v Bratislave MTF,
2007
|
| Soggetti: | |
| Tags: |
Nessun Tag, puoi essere il primo ad aggiungerne!!
|
MARC
| LEADER | 00000nam a22000003a 4500 | ||
|---|---|---|---|
| 001 | stu158496 | ||
| 005 | 20150617230011.9 | ||
| 008 | 080222s2007----xo------------------slo-d | ||
| 040 | |a STU |b slo | ||
| 041 | 0 | |a slo | |
| 044 | |a xo | ||
| 100 | 1 | |a Šujanová, Jana, |d 1961- |4 aut |u M4000 |9 100 |U MTF Materiálovotechnologická fakulta |T MTF Ústav priemyselného inžinierstva a manažmentu |X 2306 |U M4000 |Y 84 |7 A000002306 | |
| 245 | 1 | |a Znalostný manažment v podmienkach modernej slovenskej spoločnosti : |b Habilitačná práca | |
| 260 | |a Trnava : |b STU v Bratislave MTF, |c 2007 | ||
| 300 | |a 101 s | ||
| 650 | 7 | |a znalostný manažment |2 stusub | |
| 996 | |b 284M067374 |c M*HP-33 |l MMSKP |s P |a 0 |w stu158496_0001 | ||